| 000 | 00644nam a2200241Ia 4500 | ||
|---|---|---|---|
| 003 | OSt | ||
| 005 | 20221006144822.0 | ||
| 006 | a|||||r|||| 00| 0 | ||
| 007 | ta | ||
| 008 | 221006b |||||||| |||| 00| 0 eng d | ||
| 020 |
_c _24.00 |
||
| 024 | _a12,826 | ||
| 037 |
_bGift, _cTextual |
||
| 040 |
_aEASL _cEASL _beng |
||
| 041 |
_2eng _aeng |
||
| 082 | _aV41:1949F.N7, L7;1 | ||
| 100 | _aCHIU Hungdah | ||
| 245 | 0 | _aOccasinal papers repeints series in contemporary Asian studies | |
| 260 | _c1977 | ||
| 300 |
_a32p. _ccm. |
||
| 942 |
_hV41:1949F.N7, L7;1 _cTEXL _2CC |
||
| 999 |
_c1080912 _d1080912 |
||